Normal view
MARC view
- TCP/IP NETWORKING
Entry Topical Term
001 - CONTROL NUMBER
- control field: 61965
003 - CONTROL NUMBER IDENTIFIER
- control field: NUST
005 - DATE AND TIME OF LATEST TRANSACTION
- control field: 20210628202842.0
008 - FIXED-LENGTH DATA ELEMENTS
- fixed length control field: 210628|| aca||aabn | a|a d
040 ## - CATALOGING SOURCE
- Original cataloging agency: NUST
- Transcribing agency: NUST
150 ## - HEADING--TOPICAL TERM
- Topical term or geographic name entry element: TCP/IP NETWORKING
670 ## - SOURCE DATA FOUND
- Source citation: Work cat.: (NUST): Mahbub Hassan, Jain, Raj 61964, High performance tcp/ip networking, concepts, issues and solutions, 2005
